| 000 | 00608nam a22001937a 4500 | ||
|---|---|---|---|
| 999 |
_c195349 _d195349 |
||
| 005 | 20230321122203.0 | ||
| 010 | _aUR-11889 | ||
| 020 |
_a9789390568192 _c595.00 |
||
| 035 | _aU-10444 | ||
| 037 | _bDBAD/PUB | ||
| 082 | _aک | ||
| 100 | _aسا قی ، نار نگ | ||
| 245 |
_aمنت شر اف کار / _cنا رنگ سا قی |
||
| 246 |
_aMuntashir Afkaar / _bby Narang Saqi |
||
| 260 |
_aNew Delhi _bM.R. Publications _c2019 ء |
||
| 270 |
_a10 Metropole Market, 2724-25, First Floor, Kucha Chelan, Darya Ganj _bNew Delhi _e110002 |
||
| 300 |
_a271 ص _c22cm(Hb) |
||
| 942 |
_2ddc _cUR _hک _mس ا ق |
||